• 首页
  • 本馆介绍
  • 公告通知
  • 最新文献
  • 馆藏检索
  • 电子资源
  • 读者导购
  • 参考咨询
  • 我的图书馆
  • 登录
  • 详细信息显示
  • 放入我的书架
  • 预约/预借图书
  • 作者相关作品
  • 分类相关作品
  • 丛书相关作品
  • 出版社相关作品

书目信息

  • 表格格式
  • 工作单格式
  • 卡片格式
题名:
我眼中的中韩关系
    
 
作者: 金胜一 著 ;王琳 译
分册:  
出版信息: 北京   中国人民大学出版社  2018.01
页数: 199页
开本: 24cm
丛书名: “认识中国·了解中国”书系
单 册:
中图分类: D829.312.6
科图分类:
主题词: 中外关系--zhong wai guan xi--国际关系史--中国--韩国
电子资源:
ISBN: 978-7-300-23022-1
000 01214nam 2200301 450
001 CAL 0120172344848
005 20181203153531.12
010    @a978-7-300-23022-1@b@dCNY48.00
100    @a20171205d2018 em y0chiy50 ea
101 1  @achi@ckor
102    @aCN@b110000
105    @aa z 000yy
106    @ar
200 1  @a我眼中的中韩关系@Awo yan zhong de zhong han guan xi@f(韩) 金胜一著@g王琳译
210    @a北京@c中国人民大学出版社@d2018.01
215    @a199页@c图@d24cm
225 2  @a“认识中国·了解中国”书系@A“ ren shi zhong guo ·liao jie zhong guo ” shu xi
300    @a“十三五”国家重点出版物出版规划项目
314    @a金胜一, 日本九州大学文学博士、教授。
330    @a本书从一个资深文化学者和一个韩国人的角度, 以文化和历史为宏观考察框架, 梳理了中韩之间的文化起源、文化交流、交往历史和相互关系, 分析了两国在发展上的共同点和差异所在, 在此基础上对中韩两国的未来关系进行了展望。
410  0 @12001 @a“认识中国·了解中国”书系
606 0  @a中外关系@Azhong wai guan xi@x国际关系史@y中国@y韩国
690    @aD829.312.6@v5
701  0 @a金胜一@Ajin sheng yi@4著
702  0 @a王琳@Awang lin@4译
801  0 @aCN@b人天书店@c20171205@g
905    @aBZT@dD829.312.6@e1
906    @dCNY48.00@n3@r1
    
    我眼中的中韩关系/(韩) 金胜一著/王琳译.-北京:中国人民大学出版社,2018.01
    199页:图;24cm.-(“认识中国·了解中国”书系)
    “十三五”国家重点出版物出版规划项目
    
    ISBN 978-7-300-23022-1:CNY48.00
    本书从一个资深文化学者和一个韩国人的角度, 以文化和历史为宏观考察框架, 梳理了中韩之间的文化起源、文化交流、交往历史和相互关系, 分析了两国在发展上的共同点和差异所在, 在此基础上对中韩两国的未来关系进行了展望。
●
相关链接 在五车中查询图书 在当当中查询图书 在豆瓣中查询图书


正题名:我眼中的中韩关系     索取号:D829.312.6/1         预约/预借

序号 登录号 条形码 馆藏地/架位号 状态 备注
1 852070   2000852070   第二书库/ [索取号:D829.312.6/1] 在馆    
2 852071   2000852071   第二书库/ [索取号:D829.312.6/1] 在馆    
3 852072   2000852072   思政阅览室/思1架B面3层7列/ [索取号:D829.312.6/1] 在馆    
山东省滨州职业学院图书馆 欢迎您!
大连网信软件有限公司© 版权所有